| 000 | 01142nam a2200265 a 4500 | ||
|---|---|---|---|
| 001 | BRCA_2208 | ||
| 005 | 20190320203721.0 | ||
| 008 | 000713s2000 sp-a---##b---f001-0dspa-# | ||
| 020 | _a8495486032 | ||
| 040 |
_aDLC _cDLC _dDLC |
||
| 050 | 4 |
_aPQ6312 _b.C35 2000 |
|
| 245 | 1 | 0 | _aCalderón de la Barca y la España del Barroco. |
| 260 |
_aMadrid _bSociedad Estatal España Nuevo Milenio _c2000. |
||
| 300 |
_a382 p. _bil. a color _c28 cm. |
||
| 500 | _aCatálogo de la esposición realizada en la Biblioteca Nacional (Madrid), 16 junio - 15 agosto, 2000 | ||
| 500 | _aContiene extractos del escritor Pedro Calderón de la Barca. | ||
| 500 | _aIncluya índice onomástico, apéndice : tasación de los bienes de Calderón | ||
| 504 | _aIncluye referencias bibliográficas. | ||
| 600 | 1 | 4 |
_aCalderón de la Barca, Pedro _d1600-1681 _vExposiciones. _96653 |
| 650 | 1 | 4 |
_aArte barroco _vExposiciones. _zEspaña _93722 |
| 650 | 1 | 4 |
_aArte español _vExposiciones. _ySiglo XVII _96654 |
| 700 | 1 |
_aCalderón de la Barca, Pedro _d1600-1681 _tSelecciones _f2000. _96655 |
|
| 710 | 2 |
_aSociedad Estatal España Nuevo Milenio (España) _96656 |
|
| 942 |
_2lcc _cB |
||
| 999 |
_c1964 _d1964 |
||